000
00255nam a2200085Ia 4500
245
0
_a
Mathematics at work : learner's book Grade 5
100
_a
Human, P G. Cape Town, 2004 2nd ed
_9
79288
942
_c
BK
008
210819s9999 xx 000 0 und d
999
_c
276125
_d
276122